Catecismo de Geométría elemental (Registro nro. 302353)

Detalles MARC
000 -ENCABEZADO
Número de control [NR] 01291nam a22002297a 4500
005 - FECHA Y HORA DE LA ÚLTIMA TRANSACCIÓN
control field 20160114091543.0
008 - DE LONGITUD FIJA DE DATOS DE ELEMENTOS - INFORMACIÓN GENERAL
Elementos de longitud fija [NR] 160114s1870 fr ||||fr|||| 001 0 esp d
040 ## - FUENTE DE CATALOGACION [NR]
Quien Cataloga Sandra Yazo
Quien Clasifica Sandra Yazo
041 0# - CODIGO DE IDIOMA [R]
Código de idioma para texto/pista de sonido o título separado [R] Español
082 04 - NUMERO DE CLASIFICACION DECIMAL DEWEY [R]
Número de la edición [NR] 20
Número de clasificación [R] 516
092 ## - SIGNATURA TOPOGRAFICA LOCAL
Número de clasificación local 38N002
100 1# - ASIENTO PRINCIPAL--NOMBRE PERSONAL [NR]
Nombre personal [NR] Núñez de Arenas Cañete, José María
ID Autoridad 74511
245 10 - MENCION DE TITULO [NR]
Título [NR] Catecismo de Geométría elemental
Mención de responsabilidad, etc. [NR] Dispuesto por D. José Nuñez de Arenas
260 ## - PUBLICACION, DISTRIBUCION, ETC. (PIE DE IMPRENTA) [R]
Lugar de publicación, distribución, etc. [R] París (Francia)
Nombre del editor, distribuidor, etc. [R] Librería de Rosa y Bouret
Fecha de publicación, distribución, etc. [R] 1870
300 ## - DESCRIPCION FISICA [R]
Extensión [R] 208 páginas
Dimensiones [R] 16 x 10 cm.
500 ## - NOTA GENERAL [R]
Nota general [NR] Detalles físicos: Encuadernación rígida (holandesa). Tapa delantera con datos de publicación impresa y orla decorativa. Lomo en tela. Tapas con residuos de cinta pegante. Guarda. Portada impresa en una sola tinta, con un sello de tinta. Notas del autor. Texto impreso en una sola columna. Algunas ilustraciones al final del libro. Papel con algunas manchas.
505 2# - NOTA DE CONTENIDO CON FORMATO PREESTABLECIDO [R]
Nota de contenido con formato preestablecido [NR] Explicación de los signos más comunes usados en los cálculos matemáticos ; Las líneas recta y curva, y de sus diámetros, radio y cuerdas ; Los ángulos, medidas y construcción ; Las línea perpendiculares
506 ## - NOTA DE RESTRICCIONES DE ACCESO [R]
Condiciones de acceso [NR] Consulta en sala
650 #7 - ASIENTO SECUNDARIO DE MATERIA - TERMINO TEMATICO [R]
9 (RLIN) 16369
Término temático o nombre geográfico como elemento de entrada [NR] Geometría
Subdivisión general [R] Libros de texto
690 ## - ASUNTO AGREGADO LOCAL DE ENTRADA - TÉRMINO TEMÁTICO (OCLC, RLIN)
9 (RLIN) 42870
Acceso temático local Matemáticas
942 ## - ELEMENTOS DE ENTRADA AGREGADOS (KOHA)
Sistema de clasificación LOCAL
Tipo de ítem principal el descrito en 300a Libro
Edición 1
Clasificación 38N002
Existencias
Suprimido Perdido Sistema de clasificación Dañado No prestable Tipo de ítem específico Ubicación habitual Ubicación actual Localización Fecha de creación Forma de adquisición Costo Total préstamos Signatura topográfica Código de barras Última vez visto Ejemplar Price effective from Tipo de ítem
    LOCAL     Libro archivo Archivo Histórico Archivo Histórico Archivo histórico 14/01/2016 Donación 0.00   E38N002 L005286 14/01/2016 Ej.1 14/01/2016 Libro